000 01329nam a2200229Ia 4500
003 Ost
005 20260507075525.0
008 260507s9999||||xx |||||||||||||| ||und||
020 _a43746799619
040 _cfsecg
041 _aara
082 _a330
100 _aحاروش، نور الدين
_eمؤلف
245 0 _aالخدمة العمومية المحلية كمؤشر للتنمية المستدامة /
_c نور الدين حاروش
260 _aالجزائر:
_bدار الأمة للنشر والتوزيع,
_c2017
300 _a255 صفحة؛
_c24 سم
504 _aببليوغرافيا: ص.237-250
520 _aأسس التنظيم الإداري والإدارة المحلية،السياسة والحكامة المحلية وعلاقتها بالخدمة العمومية،محتويات التنمية المستدامة ومؤشرات قياسها،مستويات التنمية المستدامة ودور التنمية المحلية فيها،دور المتغيرات الديمغرافية في التنمية المحلية،تنمية المجتمع الحضري والمستحدث،التنمية المحلية بالمجتمع الريفي
653 _aالادارة المحلية
700 _aزبيري، رمضان وآخرون
_eمؤلف ثانوي
942 _cكتاب
999 _c44791
_d44791